1501 1681 1152 1434 1054 1589 1914 1329 1254 1400 1483 1839 1817 1814 1657 1216 1925 1354 1119 1364 1357 1900 1101 1819 1588 1674 1134 1376 1350 1176 1037 1164 1290 1038 1307 1584 1356 1936 1712 1813 1973 1371 2000 1057 1938 1357 1627 1937 1041 1327 1378 1013 1395 1191 1703 1407 1491 1783 1525 1842 1073 1437 1722 1618 1348 1112 1857 1459 1074 1359 1655 1454 1543 1638 1076 1531 1680 1851 1340 1164 1414 1414 1402 1523 1524 1254 1648 1325 1945 1259 1443 1171 1758 1524 1491 1787 1965 1177 1073 BCNSPRNW ULIB Ver.6.0+V

เปลี่ยนเป็นภาษาไทย

Change to English
 แสดงรายละเอียดบรรณานุกรม
  กลับหน้าหลัก

Brief Record : Get Marc (ISO 2709) : E-mail record : QR code < ปิดหน้าต่าง
LEADER : 00000nam 2200000uu 4500
001    13399114922
003     ULIB
008    120621s2548||||th 000 0 tha d
020    ^a9749941918
020    ^a9789749941911
060 04 ^aQS4^bบ248ก 2548
100 0  ^aบังอร ฉางทรัพย์
245 10 ^aกายวิภาคศาสตร์ 1 =^bAnatomy 1 /^cบังอร ฉางทรัพย์
246 31 ^aAnatomy 1
250    ^aพิมพ์ครั้งที่ 1
260    ^aกรุงเทพฯ :^bสำนักพิมพ์แห่งจุฬาลงกรณ์มหาวิทยาลัย,^c2548
300    ^a693 หน้า :^bภาพประกอบ ;^c26 ซม.
650  7 ^aกายวิภาคศาสตร์
945    ^p670^l0^i24082
995    ^aกัณชพร
999    ^aใช้งานได้ทุกระบบ
รายการนี้ยังไม่มีแท็ก
คุณยังไม่ได้ล็อกอิน คุณสามารถมีกิจกรรมร่วมกับเว็บไซต์ได้ แต่ต้องล็อกอินก่อน ::
  ล็อกอิน

รายการสื่อสารสนเทศ

ลำดับที่ ประเภท เลขเรียก/บาร์โค้ด สถานที่ สถานะ
- ไม่พบข้อมูล -

รายการใกล้เคียง
    ผู้แต่ง [บังอร ฉางทรัพย์]

    หัวเรื่อง [กายวิภาคศาสตร์]

BibComment


ยังไม่เคยถูกคอมเมนท์

คอมเมนท์ทรัพยากรรายการนี้
  คอมเมนท์: กายวิภาคศาสตร์ 1..


 Copyright 2026. Bcnsprnw @Library